| 000 | 00512nam a2200169 4500 | ||
|---|---|---|---|
| 001 | 147958 | ||
| 003 | ES-MaACL | ||
| 005 | 20250823063110.0 | ||
| 007 | t| | ||
| 008 | 070214s1949 sp r ||||1| spa d | ||
| 100 | 1 |
_aSpínola de Gironza, Araceli _9107749 |
|
| 245 | 1 | 0 |
_aReflejos y pinceladas _b: poesías / _cAraceli Spinola de Gironza. |
| 260 |
_aMadrid : _b[s. n.], _c1949 ( _fGráf. Nebrija) |
||
| 300 |
_a109 p. ; _c18 cm. |
||
| 852 |
_aES-MaACL _j1894-F-4 _bR.26872 |
||
| 999 |
_c147958 _d147958 |
||